[Event "Biel GM 48th"]
[Site "Biel"]
[Date "2015.07.30"]
[Round "10"]
[White "Eljanov, Pavel"]
[Black "Adams, Michael"]
[Result "0-1"]
[WhiteElo "2723"]
[BlackElo "2740"]
[Annotator "Marin,M"]
[PlyCount "118"]
[EventDate "2015.07.20"]
[EventType "tourn"]
[EventRounds "10"]
[EventCountry "SUI"]
[EventCategory "19"]
[SourceTitle "CBM 168"]
[Source "ChessBase"]
[SourceDate "2015.09.14"]
[SourceVersion "1"]
[SourceVersionDate "2015.09.14"]
[SourceQuality "1"]

1. d4 Nf6 2. c4 e6 3. Nf3 d5 4. g3 Be7 5. Bg2 O-O 6. O-O dxc4 7. Qc2 a6 8. a4
Bd7 9. Qxc4 Bc6 10. Bg5 {This is the all time main line,} ({even though} 10.
Bf4 {has been enormously popular lately.}) 10... h6 {A relatively rare
continuation. Black spends a tempo on getting the bishop pair, but refrains
from any early counterplay.} ({The main lines are} 10... Bd5) ({and} 10... a5)
11. Bxf6 Bxf6 12. Nc3 {[%cal Ge2e4]} Bxf3 13. Bxf3 c6 {Black's position is
quite solid and he does not experience any concrete problems. But at the same
time play is rather one sided and White can try increasing the pressure at his
leisure.} 14. e3 {A solid move, which White may have to play soon anyway.} (14.
Rfd1 a5 15. h4 Qb6 16. e3 {Georgiev,K (2655)-Karpov,A (2693) Dubai 2002 CBM
089 [Ribli] (1-0, 62)}) (14. Rad1 a5 15. e4 Nd7 16. e5 Be7 17. Be4 {Carlsen,M 
(2813)-Ponomariov,R (2733) Medias 2010 CBM 137 [Rogozenco,D] (1/2-1/2, 31)}) (
14. Qb3 Ra7 15. Ne4 Bxd4 16. Rfd1 {Nielsen,P (2700)-Giri,A (2672) Amsterdam
2010 CBM 138 [Giri,A] (1-0, 57)}) 14... a5 15. h4 ({Practice has shown that
the radical} 15. b4 {offers White just some temporary initiative, as, for
instance, in the following game:} axb4 16. Qxb4 Ra7 17. a5 Be7 18. Qb3 Nd7 19.
Ra2 Nf6 20. Rfa1 Nd5 {Papaioannou,I (2597)-Ganguly,S (2627) Kavala 2012 (1/2-1/
2, 42)}) 15... Na6 16. Rfd1 Qb6 17. Qe2 Rad8 $146 {Technically speaking this
is a novelty.} ({In the game quoted below, Black started with} 17... Rfd8 {
, but after the inevitable rook doubling on the d-file this loses significance.
}) 18. Ne4 Be7 19. Nd2 Nb4 {In fact, this is the real novelty.} (19... Bf6 20.
Nc4 Qc7 21. Be4 Rd7 22. Rac1 Rfd8 23. Qh5 {would transpose back to the earlier
game.} c5 $6 {Due to Black's insufficient control over the d5-square this is
premature.} ({It was not too late for} 23... b6 {[%cal Ga6b4] followed by ...
Nb4.}) 24. d5 exd5 25. Rxd5 Rxd5 26. Bxd5 Nb4 27. Be4 Nd3 28. Bxd3 Rxd3 29. Rd1
$14 {Markus,R (2608)-Cornette,M (2577) Novi Sad 2009 (1-0, 52)}) 20. Nc4 Qa6
21. b3 Bf6 22. Rac1 Rd7 23. Be4 Rfd8 24. Qh5 {Black's development has reached
a maximum, but he cannot undertake any concrete action. Adams rightly decides
to move around with his knight, harassing White a bit and keeping his overall
cordination.} Na2 25. Rc2 Nb4 26. Rcd2 Nd5 27. Rc1 $1 {[%csl Gc3]} (27. Bb1 Nc3
$132) (27. Bc2 Nc3 28. Rc1 b5 $132) 27... Qa7 {[%cal Ga7b8] Black needs to
remain passive.} (27... b5 28. Ne5 $14) 28. Bb1 ({In view of the line
recommended below, White should have still improved his position with, say,} 
28. Kg2 {leaving his bishop on e4 still. The counterplay examined in the next
line does not work out well here:} c5 29. Ne5 Bxe5 30. Qxe5 Qb6 31. dxc5 Qxb3
32. Rd4 {[%cal Gc1d1]} Qa2 33. Rc2 Qa3 34. g4 $40) 28... Ne7 ({But now the
thematic break} 28... c5 {looks possible:} 29. Ne5 Bxe5 30. Qxe5 Qb6 $132 {
[%csl Gb3] If not sustaining a kingside attack, the white bishop could well be
passive and vulnerable.} 31. dxc5 Qxb3 32. Rd4 Qa3 33. Rcd1 Qb3 {White would
like to increase the pressure against d5 with Be4 but this is not easy to
achieve:} 34. Kg2 (34. Be4 $2 Nxe3 $1 {wins based on} 35. Rxd7 Qxd1+ 36. Rxd1
Rxd1+ 37. Kh2 Ng4+) (34. g4 $2 {is met in the same way:} Nxe3 $1 35. fxe3 Qxd1+
36. Rxd1 Rxd1+ 37. Kf2 R8d2+ 38. Kf3 Rf1+ 39. Kg3 Rxb1 $19) 34... Qb2 {and
once again} 35. Be4 $2 {allows} Nxe3+) 29. Rdd1 ({Eljanov must have wished to
achieve a bit more than after} 29. Qxa5 Qxa5 30. Nxa5 e5 31. Nc4 exd4 32. e4
$14) 29... Rd5 30. Qf3 R5d7 31. Nd2 {[%cal Gd2e4]} Kf8 $2 {We are still far
from the endgame so this king's "centralising" is likely to cause only
problems if carried out without a serious reason. Adams wanted to anticipate
the threat Qe4 and clear the g8-square for his knight, but there was no need
for that.} (31... Nd5 $5 32. Qe4 (32. Ne4 Be7 {maintains the status quo.})
32... Kf8 $1 {Now that White has committed himself by occupying the e4-square
with the queen, this is good and necessary.} (32... g6 $2 33. h5 $18) 33. Kg2
Qb8 34. Qh7 $6 g6 $1 {[%csl Gh7]} 35. Qxh6+ (35. Be4 Bg7 {[%cal Gd5f6]} 36.
Bxd5 Rxd5 $11) 35... Ke7 {[%cal Gd8h8]} 36. Bxg6 fxg6 37. Ne4 Rh8 38. Qxg6 Rg8
$11) 32. Ne4 Ng8 {This surely looks passive,} ({but the more natural} 32... Nd5
{causes Black problems of stability.} 33. Nc5 Rd6 34. Kg2 $3 {By removing the
king from the back rank, White creates some additional tactical ideas. Besides,
Black is in a sort of zugzwang with all his pieces on the board.} (34. e4 Nc7
35. e5 Bxe5 36. Nxb7 Qxb7 37. dxe5 Rxd1+ {With check!} 38. Rxd1 Rxd1+ 39. Qxd1
Nd5 $11) 34... Be7 (34... Kg8 35. e4 Nc7 36. e5 Bxe5 37. dxe5 Rxd1 38. Rxd1
Rxd1 39. Qxd1 Qxc5 40. Qd8+ {and Black does not have ...Ne8.}) (34... Qb6 $2
35. e4 Nc7 36. e5 Bxe5 37. dxe5 Rxd1 38. Rxd1 Rxd1 39. Bg6 $18) (34... Ke8 $5 {
, controlling the d7- and d8-squares and getting the king out of the potential
pin along the f-file, is interesting but hardly satisfactory.} 35. h5 $16) 35.
e4 Nf6 (35... Nc7 36. e5 Rxd4 37. Bg6 f6 38. exf6 Bxf6 39. Rxd4 Rxd4 40. g4 $18
) 36. Qe3 (36. e5 Rxd4) 36... Qb8 37. Ba2 $3 {[%csl Yd6][%cal Gb3b4,Ge4e5]
Even if I needed some time to understand the idea behind this move, I am not
sure if it would be right to call it a computer move. It is just a pity we
could not offer this position as a test to some of the greates champions of
the past, but my guess is that at least some of them would find it.} (37. e5
Rd5 $1) 37... b6 (37... Qc8 38. e5 Rd5 39. b4 $18 Bxc5 40. bxc5) 38. e5 Nd5 39.
Qf3 bxc5 40. exd6 Bxd6 41. dxc5 Be5 42. Bb1 $18) 33. Nc5 Rd6 34. Bd3 Be7 35.
Bc4 Nf6 36. g4 $36 {After some more regrouping moves, White has finally
started his kingside attack. Obviously, the king does not stand well on f8.} b6
37. Nd3 (37. Nxe6+ fxe6 38. g5 Kg8 39. gxf6 Bxf6 40. h5 $14) 37... Nd7 38. Nf4
Kg8 39. Qg3 Qb8 $6 (39... Nf6 {would have been more active:} 40. Bd3 (40. g5
hxg5 41. hxg5 Ne4) 40... Nd5 $14) 40. g5 hxg5 41. hxg5 b5 {Just a hint of
black counterplay.} 42. Bd3 e5 43. Ne2 g6 44. Kg2 exd4 45. e4 $6 {There was no
need to sacrifice a pawn.} (45. Qh4 Bf8 46. Nxd4 $16) 45... Kf8 $2 {The second
centralisation of the king should have had fatal consequences.} (45... Bf8 $5
$13) 46. Rh1 (46. axb5 cxb5 {[%csl Gd5]} 47. Qh4 Ke8 48. Qh8+ Nf8 49. Nf4 $18)
(46. Qh4 $18) 46... Ke8 47. Rh8+ Bf8 48. axb5 {This absolves Black from the
worries regarding his c6-pawn, but opens the c-file. As we will see by
comparing the two similar lines below, the exchange does not alter the overall
evaluation in any way.} (48. Qf4 $1 $18 {[%csl Rf7][%cal Gh8h7]} Re6 49. Qxb8
Nxb8 {[%csl Gd4]} (49... Rxb8 50. Nxd4 Rd6 51. Nxc6 Rb6 52. Bxb5 $18) 50. axb5
cxb5 51. Bxb5+ Ke7 52. Rc7+ Kd6 (52... Nd7 53. Nxd4) 53. Rxf7 $18) 48... cxb5
49. e5 (49. Qf4 {is still very strong, even though play changes a bit with
respect to the similar line above.} Re6 50. Rc7 $1 {Taking advantage of the
previous opening of the c-file.} (50. Qxb8 Rxb8 $16 51. Nxd4 $2 Rd6 52. Nc6 Rb6
{and White does not have Bxb5 anymore.}) 50... Qb6 51. Qc1 $1 $18) 49... Rd5
50. Qf4 $2 {Losing a second pawn without compensation.} (50. Re1 $3 Rc8 (50...
Rxe5 51. f4 {[%cal Ge2d4,Rg3e1]}) (50... Nxe5 51. Nxd4 $18) (50... Qxe5 51. Nf4
Qxe1 52. Nxd5 $18) 51. Kf1 $3 (51. e6 Qxg3+ 52. Nxg3 Ne5 53. Be4 {is also
strong, but the king retreat prepares the intermediate move exd7+.}) 51... Qc7
52. e6 Qxg3 (52... fxe6 53. Nf4 $18) 53. exd7+ Kxd7 54. Nxg3 $18) 50... Qxe5
$15 51. Re1 $2 {Beter late than never does not apply here.} (51. Qxe5+ Nxe5 52.
Be4 R5d6 53. f4 Nd7 54. Bd3 Ke7 55. Bxb5 $2 d3 $17) 51... Qxh8 $19 52. Nxd4+
Re5 53. Rh1 Qg7 54. Bxb5 Be7 55. Ba4 Rxg5+ 56. Kf1 Qe5 57. Qxe5 Rxe5 58. Rh8+
Bf8 59. Nc6 Rh5 0-1

[Event "FIDE World Cup"]
[Site "Baku"]
[Date "2015.09.15"]
[Round "2.2"]
[White "Adams, Michael"]
[Black "Laznicka, Viktor"]
[Result "1-0"]
[WhiteElo "2742"]
[BlackElo "2676"]
[Annotator "Szabo,Kr"]
[PlyCount "57"]
[EventDate "2015.09.11"]
[EventType "k.o."]
[EventRounds "7"]
[EventCountry "AZE"]
[SourceTitle "CBM 169"]
[Source "ChessBase"]
[SourceDate "2015.11.10"]
[SourceVersion "1"]
[SourceVersionDate "2015.11.10"]
[SourceQuality "1"]

1. e4 c5 2. Nf3 e6 3. d4 cxd4 4. Nxd4 Nc6 5. Nc3 a6 6. Nxc6 bxc6 7. Bd3 d5 8.
O-O Nf6 9. Qf3 (9. Qe2) ({and} 9. Re1 {are the other main lines.}) 9... Be7 10.
Qg3 O-O 11. Bh6 Ne8 12. Bf4 Bh4 13. Qf3 Be7 (13... Bg5 {is the alternative
continuation,} 14. e5 (14. Rad1 Bxf4 15. Qxf4 Nf6 16. Na4 Re8 17. e5 Nd7 18.
Rfe1 h6 19. c4 {Predke-Grachev, Sochi 2015, with a typical middlegame.}) 14...
Bxf4 15. Qxf4 c5 16. Rad1 Bb7 17. b3 Qa5 18. Qg3 g6 19. Ne2 Ng7 20. Qf4 Rac8
21. c3 Qc7 $11 {Nepomniachtchi-Andreikin, Moscow blitz 2015, with a balanced
position.}) 14. Na4 $146 {A novelty by Adams. This is a typical manoeuvre in
this line, because White prepares for c4.} ({Last year} 14. Rad1 {was also
tried} Nf6 15. h3 Nd7 16. Qg3 Bh4 17. Qh2 Ra7 18. Na4 Re8 19. Be3 Ra8 20. c4
Bb7 21. Bc2 Bf6 22. Kh1 Be5 23. f4 Bd6 24. Qg3 Qc7 25. Nc3 $14 {
Nepomniachtchi-Grachev, Kazan 2014, and White was slightly better.}) 14... Nf6
15. b3 Qa5 $6 {An inaccuracy, I think the Q is out of play on a5.} ({However} 
15... a5 16. e5 Nd7 17. Qg3 $14) ({or} 15... Bb7 16. Rad1 $14 {is also more
comfortable for White.}) 16. e5 Nd7 17. Qg3 Re8 18. h4 $1 {A great move, White
starts to play on the kingside. He would like to play h5 with which he gains
some space and he creates some unpleasant threats for Black.} c5 19. c4 d4 (
19... Bb7 20. h5 $36) 20. h5 Qc7 21. Rae1 Bf8 $6 {Logical, but here this is a
dubious move.} (21... Kh8 {was more careful, for example} 22. h6 g6 23. Bg5 Bb7
{and still it is not easy to continue the attacking plan for White.}) 22. Bg5
$1 {Adams prepares for the attacking plan by f4!} g6 $6 {Another inaccuracy,
which creates more weaknesses on Black's kingside.} (22... Bb7 23. f4 $40 {
with a strong attack.}) 23. f4 $1 {White continues his attack.} Bg7 24. Qh4 Bb7
(24... Nf8 25. Rf3 Bb7 26. Rh3 $18 {with a decisive attack.}) 25. Kf2 $1 $18 {
After this nice K move Black has absolutely no hope left. White is threatening
with Rh1 which is undefendable.} Rf8 26. Rh1 f5 27. hxg6 hxg6 28. Qh7+ Kf7 29.
Rh6 {A nice victory by Adams!} 1-0

[Event "EU-Cup 31st"]
[Site "Skopje"]
[Date "2015.10.20"]
[Round "3.4"]
[White "Rublevsky, Sergei"]
[Black "Adams, Michael"]
[Result "0-1"]
[WhiteElo "2702"]
[BlackElo "2742"]
[Annotator "Sagar Shah"]
[PlyCount "104"]
[EventDate "2015.10.18"]
[EventType "team-swiss"]
[EventRounds "7"]
[EventCountry "MKD"]
[SourceTitle "CBM 169"]
[Source "ChessBase"]
[SourceDate "2015.11.10"]
[SourceVersion "1"]
[SourceVersionDate "2015.11.10"]
[SourceQuality "1"]
[WhiteTeam "Belorechensk"]
[BlackTeam "Socar"]
[WhiteTeamCountry "RUS"]
[BlackTeamCountry "AZE"]

{This game is mainly interesting because of the exciting R+N endgame that was
reached around move 28. Michael Adams showed why he is one of the best in the
world.} 1. e4 e5 2. Bc4 Nf6 3. d3 Nc6 4. Nc3 Na5 5. Qf3 {This seems patzer
like opening play but it quite a playable opening and Rublevsky has already
tried it thrice in the month of October - once in rapid, once in blitz and the
current one in classical format.} c6 6. Nge2 Be7 7. O-O ({Trying to win a pawn
with} 7. Qg3 {is quite dangerous.} O-O 8. Qxe5 Re8 9. Qg3 d5 $36) 7... O-O 8.
h3 d5 (8... b5 9. Bb3 b4 10. Nd1 d5 {was the direct way to play. Adams goes
for the same idea in a different fashion.}) 9. exd5 b5 10. Bb3 (10. dxc6 $2
bxc4 11. c7 Qxc7 12. Qxa8 Bb7 13. Qxf8+ (13. Qxa7 Bc5 $19) 13... Bxf8 $19)
10... b4 11. d6 $1 (11. Ne4 Nxb3 12. axb3 cxd5 13. Nxf6+ Bxf6 $15 {is a very
pleasant position for Black.}) 11... Qxd6 $1 (11... Bxd6 12. Ne4 $11) 12. Nd1
$1 {The knight retreat looks passive but the idea is to place it on the
excellent square on c4 via e3.} (12. Ne4 Nxe4 13. Qxe4 (13. dxe4 Nxb3 $1 (13...
Ba6 $5) 14. axb3 f5 $1 $15 {with an excellent initiative for Black.}) 13...
Nxb3 14. axb3 f5 $15 {Black has everything he can ask for - pair of bishops
and a mobile centre.}) 12... Bb7 13. Ne3 c5 14. Qg3 Qd7 15. Ba4 $5 (15. Qxe5 {
I have to agree that taking a pawn like this when you are lagging behind in
development is not easy to play. But White can take the pawn and get away with
it.} Bd6 16. Qg5 (16. Qf5 Qc6 $13) 16... h6 17. Qh4 Kh7 {Threatening g5.} 18.
Nc4 Nxc4 19. Bxc4 Rfe8 $44 {The two bishops and the connected rooks give Black
excellent play for the pawn.}) 15... Qe6 (15... Qxa4 $2 16. Nf5 $1 $16 {
[%cal Gf5e7,Gf5g7]}) 16. b3 Nd5 17. Bb2 f6 18. Rae1 Bd6 19. Nxd5 Qxd5 (19...
Bxd5 $2 20. Nf4 $1 exf4 21. Rxe6 fxg3 22. Rxd6 $16) 20. f4 Bc6 (20... exf4 21.
Nxf4 Qf5 {was relatively better}) 21. fxe5 Bxe5 22. Nf4 Qd6 23. Bxe5 fxe5 24.
Nh5 Rxf1+ 25. Rxf1 Qg6 26. Bxc6 Nxc6 27. Qxg6 hxg6 28. Ng3 $14 {Rublevsky has
played the opening and the middlegame really well and has quite a nice
position. Let's focus on this endgame and try to understand how rich such
positions really are. The position looks completely in White's favour because
of the pawn structure. Black has doubled isolated pawns on the kingside, an
isolated guy on e5 and a weak pawn on c5. But White's position is not
fireproof. The c2-pawn is a little weak and with his next move Adams shows
that he doesn't really need to move his rook in order to activate it.} a5 $1
29. Ne4 Nd4 30. Rf2 $1 {Rublevsky rightly decides that keeping control is the
key here.} (30. Nxc5 Rc8 $1 $132 {gives Black enough counterplay.} (30... Nxc2
31. Rc1 (31. Rf2 Nd4) 31... Nd4 32. Re1 $14) 31. Ne4 Ne2+ 32. Kf2 Rxc2 33. Ke3
Nc1 {[%csl Ra2] where it will be White who would have to struggle for the half
point.}) 30... a4 $1 {The right spirit. Whether it works or not, activity is
the key.} (30... Rc8 31. Nd6 Rd8 32. Nc4 $14 {leads to a thankless position
that would have to be constantly defended. One of the rules that top players
have hammered into their heads is that it is better to be materially down and
have activity than to have equal material but be passive.}) 31. Nxc5 a3 $1 {
Fixing the a2-pawn and getting a real asset in this position. But to attack
the a2-pawn is not so easy, the black knight cannot reach c3 because the
knight on e4 will all the time keep an eye on it.} (31... axb3 32. cxb3 $1 (32.
axb3 $6 Ra7 $1 $11 {[%cal Rc5b7,Rc5d7,Rc5e6,Rc5a6] dominating the knight and
threatening Rc7.} 33. Ne4 Rc7 34. Nd6 Rxc2 35. Rxc2 Nxc2 36. Kf2 Nd4 $11) 32...
Nb5 33. Nd7 Nc3 34. Nxe5 Nxa2 35. Nc6 $16) 32. Nd7 (32. Kf1 Rc8 33. Na6 Nxc2
34. Ke2 Rc6 35. Kd2 Rxa6 36. Kxc2 $11) 32... Re8 $6 {It was necessary to keep
the active play going.} (32... Nb5 $1 33. Nxe5 (33. Nb6 Rd8 34. Rf1 Rd6 (34...
Nc3 $6 35. Na4 $1 Nxa2 36. Ra1 Nc3 37. Nxc3 bxc3 38. Rxa3 e4 39. dxe4 Rd1+ 40.
Kh2 Rd2 41. Ra2 Kf7 42. Kg3 g5 43. b4 $18) 35. Nc4 Re6 $13 {[%cal Gb5c3]})
33... Nc3 {As we mentioned previously, the white knight went away from e4 and
the other knight made its way to c3.} 34. Nxg6 Nxa2 35. Ne7+ Kh7 36. Nc6 Ra6
37. Nd4 Nc3 38. Rf1 Rd6 $15 {Only Black can be better here in spite of being
two pawns down.}) 33. Nb6 Rd8 {Stopping Nd5.} 34. Kf1 (34. Nc4 Rd5 35. g3 Nb5
36. Nd2 Nc3 37. Rf1 Nxa2 38. Ne4 $14 {The general idea of this variation is
that the knight should remain in the centre and not like in the game where it
was sidelined on a4.}) 34... Nb5 35. Na4 {N to c3 had to be stopped. But in
that bid the knight on a4 has becoming quite passive.} Rc8 (35... e4 36. dxe4
Rd1+ 37. Ke2 Ra1 38. Kd3 Rxa2 {would have been pretty nice but after} 39. Rf1
$18 {[%csl Ra2] The rook on a2 is trapped.}) 36. Ke1 Nd4 37. Kd1 (37. Nb6 $5
Rxc2 38. Rxc2 Nxc2+ {How do we assess this knight ending? Well it should be in
White's favour, but the only problem is that the a2-pawn is quite weak. If
White can take care of that he will be better.} 39. Kd1 Nd4 (39... Ne3+ 40. Kd2
Nxg2 41. Nd5 Nf4 42. Nxb4 Nxh3 43. Nc2 g5 44. Nxa3 g4 $11) 40. Nd5 Nxb3 41.
Nxb4 Nd4 42. Nc2 Nb5 43. Kd2 Kf7 44. d4 exd4 45. Kd3 Nc3 (45... Ke6 $4 46.
Nxd4+ Nxd4 47. Kxd4 $18) 46. Nb4 g5 47. Kxd4 $14 {with slight practical chance
for white}) 37... Rc6 $1 {[%csl Ra4] The knight on a4 has been dominated.} 38.
h4 $2 {What could be more natural than to restrict the doubled g-pawns? But
now Adams shows his class.} (38. Kc1 Kh7 39. g4 g5 40. Kd1 Kg6 41. Kc1 {
It is true that all of White's pieces are passively posted but they are
passive because the black pieces are well placed. If the black pieces move
then White's ones can also wriggle out. So the position should most likely end
in a draw.}) 38... g5 $1 {This is the right way to activate the king.} 39. hxg5
Kh7 {Rublevsky is lost now because while all his pieces are tied down, the
black king is free to roam and collect stuff.} 40. Kc1 Kg6 {As it is known
every attacking piece has much more value than a defending one. Though the Rf2
is very badly placed it has no target to attack. No one likes to suffocate. So
White tries a desperate attempt.} 41. c3 {Now the game ends quickly.} bxc3 42.
b4 c2 (42... Kxg5 $6 43. Rf7 c2 44. Nc5 $15) 43. Nc5 {Blocks the c-file but
the black rook shifts its attention.} Rb6 44. Rf1 Rxb4 45. Nb3 Nxb3+ 46. axb3
Rxb3 47. Kxc2 Rb2+ 48. Kc3 Rxg2 {From being two pawns down, Black has cleaned
up so many pawns that he is a pawn up.} 49. Re1 a2 50. Kb3 Kf5 51. Ka3 Rd2 52.
Kb3 g6 {A beautiful performance by Mickey Adams who showed us the most
important thing in the endgame is not material, but activity.} 0-1